000 00400nam a2200145Ia 4500
008 230917s9999||||xx |||||||||||||| ||und||
040 _e146695
_aMAIN
041 _aEnglish
082 _a338.4791 S64P
100 _aSingh, Percy K
245 0 _aPilot, Air Hostess, Flight Engineer and Steward: Roles and responsibilities
260 _aNew Delhi
_bKanishka
_c2009
300 _a374 p.
942 _cBK
999 _c152461
_d152461